[Event "World Youth Girl U18 2016"]
[Site "Khanty-Mansiysk RUS"]
[Date "2016.09.22"]
[Round "1.5"]
[White "Nguyen, Thanh Thuy Tien"]
[Black "Assaubayeva, Bibisara"]
[Result "0-1"]
[WhiteTitle "WIM"]
[BlackTitle "WFM"]
[WhiteElo "1978"]
[BlackElo "2287"]
[WhiteFideId "12400998"]
[BlackFideId "13708694"]
[EventDate "2016.09.22"]

1. e4 e5 2. Nf3 Nc6 3. Bb5 a6 4. Ba4 Nf6 5. O-O b5 6. Bb3 Bb7 7. c3 Nxe4 8. d4
exd4 9. Re1 d5 10. Nxd4 Nxd4 11. Qxd4 c5 12. Qe5+ Qe7 13. Qf4 Qe6 14. f3 c4 15.
Bc2 Bd6 16. Qh4 f5 17. fxe4 dxe4 18. Be3 O-O 19. Nd2 Rf6 20. b3 Be5 21. bxc4
Bxc3 22. Rab1 b4 23. Re2 Rg6 24. Rf1 Rg4 25. Qf2 f4 26. Bxf4 e3 27. Bxe3 Rxg2+
28. Qxg2 Bxg2 29. Kxg2 Bxd2 30. Bf5 Qc6+ 31. Kg1 Bxe3+ 32. Rxe3 Qc5 33. Be6+ Kh8
34. Rf3 Rf8 35. Rxf8+ Qxf8 36. Kg2 Qc5 37. Kf3 g5 38. Bd5 Kg7 39. Re5 Qg1 40.
Re2 a5 41. Rg2 Qc1 42. Ke4 a4 43. Kf5 h6 44. Rg4 b3 45. axb3 axb3 46. h4 Qf1+
47. Ke5 Qf6+ 48. Ke4 b2 49. Rg1 Qg6+ 0-1

[Event "World Youth Girl U18 2016"]
[Site "Khanty-Mansiysk RUS"]
[Date "2016.09.22"]
[Round "1.6"]
[White "Wozniak, Mariola"]
[Black "Auvray, Honorine"]
[Result "1/2-1/2"]
[WhiteTitle "WIM"]
[BlackTitle "WFM"]
[WhiteElo "2246"]
[BlackElo "1961"]
[WhiteFideId "1152050"]
[BlackFideId "600512"]
[EventDate "2016.09.22"]

1. e4 g6 2. d4 Bg7 3. Nc3 d6 4. f4 Nf6 5. Nf3 O-O 6. Bd3 Na6 7. e5 Nd7 8. h4 c5
9. h5 cxd4 10. hxg6 hxg6 11. Ng5 dxe5 12. f5 gxf5 13. Bxf5 Nf6 14. Bxc8 Qxc8 15.
Nce4 Nb4 16. O-O Qxc2 17. Qf3 Nxe4 18. Nxe4 f5 19. Ng5 Qc6 20. Qh3 Rf6 21. Qh7+
Kf8 22. Rxf5 Nd5 23. Qg6 Kg8 24. Qh7+ Kf8 25. Qg6 Kg8 26. Qh7+ Kf8 27. Qg6 Kg8 1/2-1/2

[Event "World Youth Girl U18 2016"]
[Site "Khanty-Mansiysk RUS"]
[Date "2016.09.22"]
[Round "1.7"]
[White "Suchomelova, Simona"]
[Black "Heinemann, Josefine"]
[Result "0-1"]
[BlackTitle "WIM"]
[WhiteElo "1958"]
[BlackElo "2242"]
[WhiteFideId "348864"]
[BlackFideId "12900460"]
[EventDate "2016.09.22"]

1. e4 c5 2. Nf3 d6 3. d4 cxd4 4. Nxd4 Nf6 5. Nc3 a6 6. Be2 e6 7. O-O Nbd7 8. f4
b5 9. Bf3 Bb7 10. Re1 Rc8 11. Nd5 g6 12. Nxf6+ Nxf6 13. c3 e5 14. Nc2 Be7 15.
Nb4 O-O 16. Qd3 Qc7 17. Be3 Rfd8 18. Rad1 Bf8 19. Qb1 a5 20. Nd5 Nxd5 21. exd5
f5 22. g4 Qf7 23. gxf5 gxf5 24. Re2 Kh8 25. Rg2 Bh6 26. Qc1 Bg7 27. Kh1 Bf6 28.
Qd2 Rg8 29. Rdg1 Rxg2 30. Rxg2 e4 31. Be2 Qxd5 32. Qxd5 Bxd5 33. Bxb5 Bxa2 34.
Bd7 Rg8 35. Bxf5 d5 36. Rxg8+ Kxg8 37. Bd7 Bb3 38. Kg2 Kf7 39. Bc5 Bh4 40. Bf2
Be7 41. Bd4 Bd6 42. Be3 a4 43. Kf2 a3 44. bxa3 Bxa3 45. Bd4 Bd1 46. Bc8 Bh5 47.
Ba6 Bb2 48. Bc8 Bc1 49. Be3 Ba3 50. Bd4 Ke7 51. Bf5 Bg6 52. Bg4 Bf7 53. Be2 Be6
54. Be5 Bc1 55. Bf1 Bg4 56. Be2 Bxe2 57. Kxe2 Ke6 58. Kd1 Be3 59. Ke2 Bb6 60.
Bb8 Kf5 61. h3 Bd8 62. Be5 Bf6 63. Bxf6 Kxf6 64. Kf2 Kf5 65. Ke3 h6 0-1

[Event "World Youth Girl U18 2016"]
[Site "Khanty-Mansiysk RUS"]
[Date "2016.09.22"]
[Round "1.8"]
[White "Uuriintuya, Uurtsaikh"]
[Black "Xiang, Evan"]
[Result "1-0"]
[WhiteTitle "WIM"]
[BlackTitle "WFM"]
[WhiteElo "2228"]
[BlackElo "1948"]
[WhiteFideId "4900227"]
[BlackFideId "2005816"]
[EventDate "2016.09.22"]

1. e4 d5 2. exd5 Qxd5 3. Nc3 Qd6 4. d4 Nf6 5. Nge2 g6 6. Bf4 Qb6 7. Qd2 c6 8.
O-O-O Be6 9. Na4 Qa6 10. Nec3 Qa5 11. Nc5 Bc8 12. Kb1 Qd8 13. Bh6 b6 14. N5e4
Be6 15. Nxf6+ exf6 16. Bxf8 Kxf8 17. Qh6+ Kg8 18. Be2 Qf8 19. Qf4 Nd7 20. Bf3
Rc8 21. d5 cxd5 22. Bxd5 Qe7 23. Rhe1 Kg7 24. h4 Ne5 25. h5 g5 26. Qg3 Bxd5 27.
Rxd5 Qc7 28. Qh3 h6 29. f4 Nc4 30. fxg5 fxg5 31. Nb5 Qc6 32. Qc3+ Qf6 33. Qxf6+
Kxf6 34. b3 Na5 35. Rd7 Rhf8 36. Rxa7 Rc5 37. a4 Nc6 38. Rb7 Rb8 39. Rf1+ Rf5
40. Rxf7+ Kxf7 41. Nd6+ Ke6 42. Nxf5 Ne5 43. Nxh6 Rh8 44. Nf5 Ng4 45. Ng3 Rd8
46. Rf5 Rg8 47. Rb5 Ne3 48. Ne4 g4 49. g3 Rb8 50. a5 Nd5 51. c4 Nc7 52. Rxb6+
Rxb6 53. axb6 1-0

[Event "World Youth Girl U18 2016"]
[Site "Khanty-Mansiysk RUS"]
[Date "2016.09.22"]
[Round "1.9"]
[White "Parhomenko, Margarita"]
[Black "Mahalakshmi, M"]
[Result "0-1"]
[BlackTitle "WIM"]
[WhiteElo "1940"]
[BlackElo "2221"]
[WhiteFideId "11603216"]
[BlackFideId "5001080"]
[EventDate "2016.09.22"]

1. Nf3 d5 2. e3 Nf6 3. d4 e6 4. Bd3 Bd6 5. Nbd2 Nbd7 6. b3 e5 7. dxe5 Nxe5 8.
Be2 O-O 9. Bb2 Qe7 10. O-O Rd8 11. a3 c5 12. Qc1 Ng6 13. Re1 Ne4 14. c4 Nxd2 15.
Nxd2 dxc4 16. Nxc4 Bc7 17. Qc3 f6 18. Rac1 Be6 19. Bf3 Rac8 20. Bxb7 Bxh2+ 21.
Kxh2 Qxb7 22. Kg1 Rd5 23. e4 Rdd8 24. e5 Nf4 25. Qg3 fxe5 26. Nxe5 Qxb3 27. Nd3
Nh5 28. Qe5 Rxd3 29. Qxe6+ Qxe6 30. Rxe6 c4 31. Bc3 Nf4 32. Re7 Rxc3 33. Rxc3
Nd5 34. Ree3 Nxe3 35. Rxe3 Kf7 36. Rc3 Ke6 37. Kf1 Kd5 38. Ke2 Kd4 39. Rg3 g6
40. Rg4+ Kc3 41. Re4 Rc7 42. Kd1 Kb2 43. a4 Rd7+ 44. Ke2 c3 45. Rb4+ Ka3 46. Rc4
Kb3 47. Rc8 c2 48. Rb8+ Kxa4 49. Rc8 Kb3 50. Rb8+ Kc3 51. Rc8+ Kb2 52. Rb8+ Kc1
53. Rc8 Re7+ 54. Kd3 Kd1 0-1

[Event "World Youth Girl U18 2016"]
[Site "Khanty-Mansiysk RUS"]
[Date "2016.09.22"]
[Round "1.10"]
[White "Gazikova, Veronika"]
[Black "Stanciu, Ioana-Georgiana"]
[Result "1-0"]
[WhiteTitle "WFM"]
[WhiteElo "2213"]
[BlackElo "1931"]
[WhiteFideId "14919311"]
[BlackFideId "1202294"]
[EventDate "2016.09.22"]

1. e4 c5 2. Nf3 Nc6 3. d4 cxd4 4. Nxd4 Nf6 5. Nc3 e5 6. Ndb5 d6 7. Bg5 a6 8. Na3
b5 9. Nd5 Be7 10. Bxf6 Bxf6 11. c3 Bg5 12. Nc2 Rb8 13. g3 O-O 14. h4 Bh6 15. g4
g6 16. Bd3 Be6 17. g5 Bg7 18. Qd2 Bxd5 19. exd5 Ne7 20. Ne3 Qd7 21. O-O-O Nc8
22. h5 Nb6 23. f3 Rfc8 24. hxg6 hxg6 25. Rh4 a5 26. Rdh1 e4 27. Bxe4 b4 28. Rh7
Nc4 29. Qh2 Kf8 30. Rxg7 Ne5 31. Qf4 Qe7 32. Rgh7 Ke8 33. Nd1 bxc3 34. Nxc3 Qb7
35. R1h2 Qb4 36. Qe3 Nc4 37. Qd4 Kd8 38. Rxf7 1-0

[Event "World Youth Girl U18 2016"]
[Site "Khanty-Mansiysk RUS"]
[Date "2016.09.22"]
[Round "1.11"]
[White "Jibuti, Nata"]
[Black "Abdusattorova, Bakhora"]
[Result "0-1"]
[WhiteTitle "WFM"]
[BlackTitle "WFM"]
[WhiteElo "1865"]
[BlackElo "2177"]
[WhiteFideId "13603094"]
[BlackFideId "14204126"]
[EventDate "2016.09.22"]

1. e4 e5 2. Nf3 Nc6 3. Bb5 a6 4. Ba4 Nf6 5. d3 d6 6. c3 g6 7. O-O Bg7 8. Re1 O-O
9. Nbd2 b5 10. Bc2 h6 11. Nf1 Nb8 12. d4 Nbd7 13. h3 Bb7 14. Ng3 c5 15. dxe5
dxe5 16. Be3 Kh7 17. Qe2 Qc7 18. a4 c4 19. Red1 Rfd8 20. Rd2 Nc5 21. Bxc5 Qxc5
22. Rad1 Rxd2 23. Rxd2 Bf8 24. Nh2 Bc8 25. Qf3 Kg7 26. Nhf1 Be7 27. Ne3 Be6 28.
Qd1 Nh7 29. Qe2 Bg5 30. Ngf1 b4 31. Rd1 Rb8 32. Bb1 Nf6 33. Nd5 bxc3 34. bxc3
Qc6 35. Nxf6 Bxf6 36. Qc2 Bg5 37. Ne3 Rb3 38. Nd5 Qb7 39. Nb4 a5 40. Ba2 axb4
41. Bxb3 cxb3 42. Qb2 Qxe4 43. cxb4 Qxb4 44. Qxe5+ Bf6 0-1

[Event "World Youth Girl U18 2016"]
[Site "Khanty-Mansiysk RUS"]
[Date "2016.09.22"]
[Round "1.12"]
[White "Kanakova, Natalie"]
[Black "Alijanzadeh, Mohadeseh"]
[Result "1-0"]
[WhiteElo "2175"]
[BlackElo "1824"]
[WhiteFideId "350486"]
[BlackFideId "12508632"]
[EventDate "2016.09.22"]

1. e4 e6 2. d4 d5 3. Nc3 Bb4 4. e5 Ne7 5. a3 Bxc3+ 6. bxc3 b6 7. Bb5+ c6 8. Bd3
Ba6 9. Nf3 Bxd3 10. Qxd3 Qc7 11. h4 h5 12. a4 Nd7 13. Ba3 c5 14. O-O Rc8 15. Qd2
Nf5 16. Qg5 Qd8 17. Qf4 Nf8 18. g3 Ng6 19. Qd2 cxd4 20. cxd4 Rc4 21. a5 Qc7 22.
axb6 axb6 23. Ra2 Nge7 24. Bxe7 Nxe7 25. Rfa1 Nc8 26. Qf4 Qe7 27. Nd2 Rc3 28.
Nb1 Rc6 29. Qf3 g6 30. Nd2 Rc7 31. c4 dxc4 32. Ne4 O-O 33. Qf4 Kg7 34. Nf6 Rd8
35. Rd1 Rb7 36. Qg5 Rh8 37. Ra8 b5 38. Qf4 Rd8 39. Qg5 Rh8 40. Qf4 Ra7 41. Rxa7
Nxa7 42. d5 exd5 43. Nxd5 Qe6 44. Nc7 Qf5 45. Qe3 Nc6 46. e6 fxe6 47. Rd7+ Kf6
48. Qc3+ Ne5 49. f4 Rf8 50. fxe5+ Qxe5 51. Nd5+ exd5 52. Rd6+ Kf5 53. Qf3+ 1-0

[Event "World Youth Girl U18 2016"]
[Site "Khanty-Mansiysk RUS"]
[Date "2016.09.22"]
[Round "1.13"]
[White "Albekova, Dilyara"]
[Black "Yakimenko, Viktoria"]
[Result "1/2-1/2"]
[WhiteElo "1784"]
[BlackElo "2160"]
[WhiteFideId "13705628"]
[BlackFideId "24174998"]
[EventDate "2016.09.22"]

1. e4 c5 2. Nf3 Nc6 3. Bb5 g6 4. O-O Bg7 5. Re1 d6 6. c3 Qb6 7. Bf1 e6 8. d3
Nge7 9. Nbd2 O-O 10. Nb3 e5 11. a4 Be6 12. Nbd2 h6 13. b3 f5 14. Ba3 a6 15. Nc4
Qc7 16. exf5 Bxf5 17. Ne3 Be6 18. Rc1 Qd7 19. Bb2 d5 20. Ba3 b6 21. g3 Rab8 22.
Bg2 d4 23. Nc4 Bg4 24. Qe2 Qf5 25. Nh4 Bxe2 26. Nxf5 gxf5 27. Rxe2 dxc3 28. f4
Nd4 29. Ree1 e4 30. dxe4 Nxb3 31. Rb1 Nd2 32. Nxd2 cxd2 33. Red1 Rfd8 34. e5 Rd3
35. Bxc5 Nc8 36. Bf1 Rd8 37. Bxa6 Ra8 38. Bxc8 bxc5 39. Bxf5 Rxa4 40. Rb2 Rad4
41. Rc2 Bf8 42. Kf2 c4 43. Be6+ Kg7 44. Rxc4 Rxc4 45. Bxc4 Rd4 46. Ba2 Bb4 47.
Ke3 Rd8 48. Ke4 Rc8 49. f5 Rc1 50. Bb3 h5 51. f6+ Kg6 52. Kd5 Kf7 53. Ke4+ Kg6
54. Ba4 Rc4+ 55. Kd5 Rc5+ 56. Kd4 Rc8 57. Kd3 Kf5 58. f7 Kxe5 59. Rxd2 Rc3+ 60.
Ke2 Kf6 61. Rb2 Ba3 62. Rb7 Be7 63. Be8 Bf8 64. Rb6+ Kg7 65. Rb2 Rc5 66. Ke3 Rf5
67. Ke4 Ra5 68. Rd2 Rc5 69. h4 Be7 70. Rd5 Rxd5 71. Kxd5 Kf6 72. f8=Q+ Bxf8 73.
Bxh5 Bh6 74. Ke4 Bd2 75. Be8 Be1 76. Kf3 Bxg3 77. Kxg3 Kg7 78. Kg4 Kh6 79. Bc6
Kg6 80. h5+ Kh6 81. Be4 Kg7 82. Kg5 Kg8 83. Kg6 Kh8 84. h6 Kg8 1/2-1/2

[Event "World Youth Girl U18 2016"]
[Site "Khanty-Mansiysk RUS"]
[Date "2016.09.22"]
[Round "1.15"]
[White "Drogovoz, Irina"]
[Black "Sit, Victoria"]
[Result "1-0"]
[WhiteTitle "WIM"]
[WhiteElo "2144"]
[BlackElo "1768"]
[WhiteFideId "4176715"]
[BlackFideId "425524"]
[EventDate "2016.09.22"]

1. d4 d5 2. Nf3 Nf6 3. c4 c6 4. e3 a6 5. Bd3 b5 6. b3 Bg4 7. Nbd2 e6 8. O-O Be7
9. Qc2 Bh5 10. Bb2 Nbd7 11. Rac1 O-O 12. Ne5 Rc8 13. cxd5 Nxe5 14. dxe5 Nxd5 15.
a3 Bg6 16. Bxg6 hxg6 17. Ne4 c5 18. Rfd1 Qb6 19. Nd6 Rc6 20. e4 Nc7 21. Bd4 Bg5
22. Bxc5 Bxc1 23. Rxc1 Qb8 24. Qd2 Rd8 25. g3 Ne8 26. b4 Qc7 27. Rc3 f6 28. Qa2
Qd7 29. Rf3 Nxd6 30. exd6 Ra8 31. Qe2 Rcc8 32. e5 f5 33. Bb6 Rc1+ 34. Kg2 Qc6
35. Qd2 Rc3 36. Qxc3 Qxb6 37. Rd3 Qb7+ 38. f3 g5 39. Qc7 Qc8 40. Rc3 Qf8 41. Qd7
Re8 42. Rc7 f4 43. Qxe8 Qxe8 44. d7 Qe7 45. Rc8+ 1-0

[Event "World Youth Girl U18 2016"]
[Site "Khanty-Mansiysk RUS"]
[Date "2016.09.22"]
[Round "1.16"]
[White "Toshali, V"]
[Black "Fuentes Godoy, Lilia Ivonne"]
[Result "0-1"]
[BlackTitle "WIM"]
[WhiteElo "1766"]
[BlackElo "2142"]
[WhiteFideId "5072611"]
[BlackFideId "5104130"]
[EventDate "2016.09.22"]

1. e4 c5 2. f4 d5 3. exd5 Qxd5 4. Nc3 Qe6+ 5. Be2 Nc6 6. Nf3 Nd4 7. O-O Nf6 8.
Ne5 Qb6 9. Bc4 e6 10. Ne2 Bd6 11. Nxd4 cxd4 12. d3 Qc5 13. Qe1 b5 14. Bb3 a5 15.
a4 b4 16. Qg3 O-O 17. Bd2 Ra7 18. Rae1 Re7 19. Re2 Nd7 20. Rfe1 Kh8 21. Qf3 Bb7
22. Qh5 Bxe5 23. fxe5 f6 24. Qh3 Nxe5 25. Bxe6 Rfe8 26. Bf5 g6 27. Be4 Bxe4 28.
dxe4 Nc4 29. Kh1 Nxd2 30. Rxd2 Rxe4 31. Rf1 Re1 32. Qf3 f5 33. h3 R8e3 34. Qa8+
Kg7 35. Rxe1 Rxe1+ 36. Kh2 Qe5+ 37. g3 Re2+ 38. Rxe2 Qxe2+ 39. Kg1 Qe1+ 40. Kh2
Qf2+ 41. Qg2 Qxg2+ 42. Kxg2 Kf6 43. Kf2 Ke5 44. Kf3 g5 45. b3 Kd5 46. h4 h6 47.
hxg5 hxg5 48. Kf2 Ke4 49. Ke2 f4 50. gxf4 gxf4 51. Kf2 f3 52. Kf1 Ke3 53. Ke1
f2+ 54. Kf1 Kd2 55. Kxf2 Kxc2 56. Kf3 d3 57. Ke4 d2 58. Kd5 Kxb3 59. Kc5 Kxa4
60. Kb6 b3 61. Kc5 b2 62. Kc6 d1=Q 63. Kc5 b1=Q 64. Kc6 Qb5+ 65. Kc7 Qdd7# 0-1

[Event "World Youth Girl U18 2016"]
[Site "Khanty-Mansiysk RUS"]
[Date "2016.09.22"]
[Round "1.17"]
[White "Vidic, Teja"]
[Black "Yolal, Sena Gokcen"]
[Result "1-0"]
[WhiteTitle "WFM"]
[WhiteElo "2121"]
[BlackElo "1737"]
[WhiteFideId "14605511"]
[BlackFideId "6337031"]
[EventDate "2016.09.22"]

1. e4 c5 2. Nf3 Nc6 3. Bb5 g6 4. O-O Bg7 5. Re1 a6 6. Bxc6 dxc6 7. d3 Nh6 8. a4
f6 9. a5 Nf7 10. Be3 b6 11. Nc3 bxa5 12. Bxc5 Bg4 13. h3 Bd7 14. Qb1 g5 15. Qa2
Qb8 16. Qxa5 Qf4 17. Ra4 Qb8 18. Nd4 Nd6 19. Rb4 Qc8 20. Bxd6 exd6 21. Nf5 Bf8
22. d4 c5 23. Rb6 cxd4 24. Nd5 Kf7 25. Nxd6+ Bxd6 26. Rxd6 1-0

[Event "World Youth Girl U18 2016"]
[Site "Khanty-Mansiysk RUS"]
[Date "2016.09.22"]
[Round "1.18"]
[White "Liscinska, Jana"]
[Black "Ghukasyan, Siranush"]
[Result "0-1"]
[WhiteElo "1712"]
[BlackElo "2106"]
[WhiteFideId "14928612"]
[BlackFideId "13300946"]
[EventDate "2016.09.22"]

1. e4 e5 2. Nf3 Nc6 3. d4 exd4 4. Nxd4 Nf6 5. Nc3 Bb4 6. Nxc6 bxc6 7. Bd3 O-O 8.
O-O Re8 9. Qf3 Bd6 10. Bf4 Bxf4 11. Qxf4 d6 12. Rfe1 Nd7 13. Bc4 Ne5 14. Bb3 h6
15. Re3 Be6 16. Rg3 Kh8 17. Ne2 c5 18. Bd5 c6 19. Bxe6 Rxe6 20. Qe3 Qf6 21. Re1
Nc4 22. Qb3 Rxe4 23. f3 Rh4 24. Qb7 Re8 25. Qxc6 Qe5 26. Qd7 Re7 27. Qd8+ Kh7
28. Qf8 g6 29. Qd8 Qe3+ 30. Kh1 Qf2 31. Rg1 Qxe2 32. b3 Nd2 33. Qxd6 Nf1 34. Rh3
Rxh3 35. gxh3 Qxf3+ 36. Rg2 Re1 0-1

[Event "World Youth Girl U18 2016"]
[Site "Khanty-Mansiysk RUS"]
[Date "2016.09.22"]
[Round "1.19"]
[White "Marjina, Arina"]
[Black "Meskenaite, Rugile"]
[Result "1/2-1/2"]
[WhiteTitle "WFM"]
[WhiteElo "2076"]
[BlackElo "1709"]
[WhiteFideId "34100242"]
[BlackFideId "12806587"]
[EventDate "2016.09.22"]

1. e4 e5 2. Nf3 Nc6 3. Nc3 Nf6 4. Be2 Bc5 5. Nxe5 Bxf2+ 6. Kxf2 Nxe5 7. d4 Ng6
8. Rf1 d5 9. exd5 Nxd5 10. Nxd5 Qxd5 11. Bf3 Qd6 12. Re1+ Ne7 13. Bg5 f6 14. Bh4
O-O 15. Bg3 Qd8 16. Kg1 Nf5 17. Bf2 c6 18. c4 Re8 19. Qd3 Bd7 20. Rad1 Qc7 21.
d5 c5 22. b3 Nd6 23. Bg3 Qb6 24. Rxe8+ Rxe8 25. Re1 Rxe1+ 26. Bxe1 Bf5 27. Qe2
Qc7 28. g4 Bc8 29. Bg3 g5 30. h4 h6 31. hxg5 hxg5 32. Qf2 Qb6 33. b4 Nxc4 34.
bxc5 Qb1+ 35. Kg2 Qd3 36. d6 Kf7 37. Qe2 Ne3+ 38. Kf2 Qxe2+ 39. Kxe2 Nxg4 40.
Bd5+ Ke8 41. Kf3 f5 42. Be1 Ne5+ 43. Ke3 Kd7 44. Bc3 Ng6 45. Bf6 Nf4 46. Bf7 Ne6
47. Bxe6+ Kxe6 48. Bxg5 Kd5 49. Kf2 Kxc5 50. Be3+ Kxd6 51. Bxa7 Kc6 52. Bd4 Kb5 1/2-1/2

[Event "World Youth Girl U18 2016"]
[Site "Khanty-Mansiysk RUS"]
[Date "2016.09.22"]
[Round "1.20"]
[White "Oljobai Kyzy, Alisa"]
[Black "Trippold, Denise"]
[Result "1/2-1/2"]
[BlackTitle "WFM"]
[WhiteElo "1672"]
[BlackElo "2068"]
[WhiteFideId "13801953"]
[BlackFideId "1625594"]
[EventDate "2016.09.22"]

1. e4 c5 2. c3 Nf6 3. e5 Nd5 4. d4 cxd4 5. cxd4 d6 6. f4 Nc6 7. Nc3 dxe5 8. fxe5
e6 9. Nf3 Be7 10. Be2 O-O 11. O-O f6 12. Kh1 Nxc3 13. bxc3 fxe5 14. dxe5 Qc7 15.
Qa4 Nxe5 16. Bf4 Qd7 17. Bb5 Rxf4 18. Bxd7 Rxa4 19. Bxa4 Nd3 20. Nd4 Nc5 21. Bb5
Bf6 22. Rad1 a6 23. Bc4 b5 24. Be2 Ra7 25. Nb3 Nd7 26. c4 bxc4 27. Bxc4 Nb6 28.
Be2 Nd5 29. Rc1 Ra8 30. Bf3 Rb8 31. Rfe1 Nb4 32. Re2 Bd7 33. Rc7 Bb5 34. Rxe6
Nxa2 35. Nc5 Bc4 36. Re1 Bc3 37. Nd7 Rd8 38. Rg1 Ba5 39. Rb7 Nb4 40. Rb8 Rxb8
41. Nxb8 Nd3 42. g3 Bc3 43. Nd7 a5 44. Nb6 Bb5 45. Bd5+ Kf8 46. Rb1 Nb4 47. Be4
g6 48. Nd5 Bd2 49. Rb2 Bc1 50. Rf2+ Kg7 51. Nxb4 axb4 52. Bd5 Bd3 53. Rf7+ Kh8
54. Rb7 Bd2 55. Kg2 Be2 56. Kf2 Bd1 57. h3 Bc2 58. Ke2 Bc3 59. Ke3 Bf5 60. g4
Bc2 61. h4 h6 1/2-1/2

[Event "World Youth Girl U18 2016"]
[Site "Khanty-Mansiysk RUS"]
[Date "2016.09.22"]
[Round "1.21"]
[White "Shivacheva, Donika"]
[Black "Tao, Rachel Long-Xin"]
[Result "1-0"]
[BlackTitle "WCM"]
[WhiteElo "2063"]
[BlackElo "1649"]
[WhiteFideId "2900840"]
[BlackFideId "2616300"]
[EventDate "2016.09.22"]

1. e4 c5 2. Nc3 Nc6 3. f4 e6 4. Nf3 d6 5. Bb5 Ne7 6. d3 g6 7. O-O Bg7 8. Qe1 O-O
9. Bxc6 Nxc6 10. Nd1 b5 11. Ne3 Re8 12. Qg3 Ne7 13. Rb1 f5 14. Qh3 e5 15. Qh4
fxe4 16. Ng5 h6 17. Nxe4 Nf5 18. Qxd8 Rxd8 19. fxe5 Bxe5 20. Ng4 Bd4+ 21. Kh1 g5
22. c3 Bg7 23. Ngf6+ Bxf6 24. Nxf6+ Kg7 25. Nd5 Bd7 26. b3 Rf8 27. Bb2 Kh7 28.
Kg1 Rae8 29. c4 Kg6 30. Nf6 Rxf6 31. Bxf6 Kxf6 32. g4 Re3 33. Rbd1 Kg6 34. gxf5+
Bxf5 35. Rf2 Bxd3 36. Rfd2 bxc4 37. bxc4 Bxc4 38. Rxd6+ Kh5 39. Rc1 Bxa2 40.
Rxc5 Ra3 41. Rcc6 a5 42. Rxh6+ Kg4 43. Rc5 a4 44. Rg6 Bb3 45. Rcxg5+ Kf3 46.
Rg3+ Kf4 47. R6g4+ Ke5 48. h4 Ra1+ 49. Kf2 Bd1 50. Rg5+ Kf6 51. h5 a3 52. Rg6+
Kf7 53. h6 Bc2 54. Rg7+ Kf6 55. Ra7 a2 56. Ra6+ Ke5 57. Rh3 Bh7 58. Rh5+ Kd4 59.
Rha5 Bg8 60. Ra8 Rh1 61. Rxg8 a1=Q 62. Rxa1 Rxa1 63. h7 1-0

[Event "World Youth Girl U18 2016"]
[Site "Khanty-Mansiysk RUS"]
[Date "2016.09.22"]
[Round "1.22"]
[White "Methmani, Nelunika"]
[Black "Fiadosenka, Rahneda"]
[Result "1/2-1/2"]
[WhiteTitle "WIM"]
[WhiteElo "1612"]
[BlackElo "2059"]
[WhiteFideId "9910050"]
[BlackFideId "13503740"]
[EventDate "2016.09.22"]

1. d4 Nf6 2. c4 c5 3. d5 g6 4. Nc3 Bg7 5. e4 d6 6. Bg5 O-O 7. Qd2 Na6 8. f3 Nc7
9. Bd3 a6 10. Nge2 Bd7 11. a4 b5 12. O-O Qb8 13. b3 Qb7 14. Rab1 Rfb8 15. Rfe1
Qa7 16. Kh1 bxa4 17. bxa4 Rb4 18. a5 Rab8 19. Na2 Rb3 20. Rxb3 Rxb3 21. Rb1 Qb7
22. Qc2 Rxb1+ 23. Qxb1 Qxb1+ 24. Bxb1 h6 25. Be3 Ba4 26. Nac3 Bb3 27. Ba2 Bc2
28. Bb1 Bb3 29. Ba2 Bxa2 30. Nxa2 g5 31. Nac3 Nd7 32. Na4 Ne5 33. Nb6 Kf8 34.
Ng3 g4 35. f4 Nd3 36. Na4 Nb2 37. Nxb2 Bxb2 38. Bd2 Ne8 39. Kg1 Nf6 40. Kf2 Bd4+
41. Ke2 h5 42. Kd3 h4 43. Ne2 Bf2 44. e5 Nh5 45. h3 gxh3 46. gxh3 Ng3 47. exd6
exd6 48. Nxg3 Bxg3 49. Ke4 Ke7 50. Kf5 Bf2 51. Bc3 Bg3 52. Bf6+ Kf8 53. Bc3 Ke7
54. Kg5 Bf2 55. Kf5 Bg3 56. Bf6+ Kf8 57. Kg4 Be1 58. Bxh4 Bxa5 59. Bf6 Bd2 60.
h4 a5 61. h5 a4 62. h6 Kg8 63. Bb2 Kh7 64. Kg5 Bb4 65. Kf6 Bd2 66. Kxf7 Bxf4 67.
Ke6 Kxh6 68. Kd7 Kg6 69. Kc6 Kf5 70. Kb5 1/2-1/2

[Event "World Youth Girl U18 2016"]
[Site "Khanty-Mansiysk RUS"]
[Date "2016.09.22"]
[Round "1.23"]
[White "Lahav, Michal"]
[Black "Bandara, T B S H"]
[Result "1-0"]
[WhiteElo "2054"]
[BlackElo "1543"]
[WhiteFideId "2813742"]
[BlackFideId "9918477"]
[EventDate "2016.09.22"]

1. e4 e5 2. Nf3 Nf6 3. Nxe5 d6 4. Nf3 Nxe4 5. d4 d5 6. Bd3 Be7 7. O-O Nc6 8. Re1
Bg4 9. c3 f5 10. Qb3 O-O 11. Qxb7 Rf6 12. Qb3 Kh8 13. Bf4 Rb8 14. Qc2 Bxf3 15.
gxf3 Nd6 16. Nd2 Nf7 17. Kf1 Bd6 18. Bxd6 Qxd6 19. Re3 Qxh2 20. Ke1 Nd6 21. Nf1
Qh6 22. b3 f4 23. Re2 Qh5 24. Kd2 Qxf3 25. Rae1 Qh5 26. Kc1 Qh6 27. f3 g6 28.
Nh2 Qf8 29. Ng4 Rf7 30. Rh2 Nf5 31. Reh1 Qe7 32. Bxf5 gxf5 33. Nh6 Rbf8 34.
Nxf7+ Rxf7 35. Re2 Qf8 36. Qd2 Re7 37. Reh2 Rf7 38. Qxf4 Qe7 39. Kb1 Qe6 40. Rh6
Qd7 41. Rg1 Re7 42. Qg5 Rg7 43. Qxg7+ Qxg7 44. Rxg7 Kxg7 45. Rxc6 h5 46. Re6 h4
47. Kc2 h3 48. Re2 Kg6 49. Rh2 Kg5 50. Rxh3 Kf4 51. Kd3 c6 52. c4 a5 53. cxd5
cxd5 54. a3 Kg5 55. b4 axb4 56. axb4 f4 57. b5 Kf5 58. b6 Ke6 59. b7 Kd7 60.
b8=Q Ke6 61. Qe5+ Kd7 62. Rh7+ Kd8 63. Qh8# 1-0

[Event "World Youth Girl U18 2016"]
[Site "Khanty-Mansiysk RUS"]
[Date "2016.09.22"]
[Round "1.24"]
[White "Uktamova, Marjona"]
[Black "Hu, Yu A."]
[Result "0-1"]
[WhiteElo "1542"]
[BlackElo "2049"]
[WhiteFideId "14209128"]
[BlackFideId "8609993"]
[EventDate "2016.09.22"]

1. e4 c5 2. Nc3 d6 3. g3 g6 4. Bg2 Bg7 5. d3 Nc6 6. Nge2 Nd4 7. Be3 Bg4 8. Bxd4
cxd4 9. Nd5 e6 10. Ndf4 Bxe2 11. Qxe2 Ne7 12. O-O O-O 13. h4 Qb6 14. Rab1 Rac8
15. h5 Qc5 16. Rbc1 Bh6 17. hxg6 hxg6 18. Qg4 Kh7 19. Bf3 e5 20. Nh3 Bxc1 21.
Rxc1 Kg7 22. Kg2 Ng8 23. Be2 Nf6 24. Qg5 Rh8 25. f4 exf4 26. Qxc5 Rxc5 27. Nxf4
Rhc8 28. Bd1 Re8 29. Bf3 g5 30. Ne2 g4 31. Nxd4 gxf3+ 32. Kxf3 d5 33. Nf5+ Kg6
34. Nh4+ Kg5 35. d4 dxe4+ 36. Ke2 Rd5 37. c3 Nh5 38. Kf2 Kg4 39. Ng2 Rf5+ 0-1

[Event "World Youth Girl U18 2016"]
[Site "Khanty-Mansiysk RUS"]
[Date "2016.09.22"]
[Round "1.25"]
[White "Mamontova, Anastasia"]
[Black "Kolver, Michelle"]
[Result "1-0"]
[WhiteTitle "WFM"]
[BlackTitle "WCM"]
[WhiteElo "2021"]
[BlackElo "1485"]
[WhiteFideId "34100234"]
[BlackFideId "14307839"]
[EventDate "2016.09.22"]

1. d4 f5 2. g3 Nf6 3. Bg2 g6 4. Nh3 Bg7 5. Nf4 c6 6. h4 d6 7. Nc3 O-O 8. d5 cxd5
9. Ncxd5 e5 10. Nxf6+ Qxf6 11. Nd5 Qd8 12. Bg5 Qd7 13. e4 Nc6 14. h5 b6 15. hxg6
hxg6 16. Qd2 Bb7 17. Bh6 Nd4 18. c3 Nb5 19. exf5 gxf5 20. Qg5 Rab8 21. Ne7+ 1-0